000 01217cam a2200313 a 4500
001 4018
005 20260119133625.0
020 _a1592492827 (hardcover)
020 _a011475002413
020 _a9781592492831
040 _aDLC
_cDLC
_dDLC
_beng
050 0 0 _aPZ10.3.P3415
_b2004
082 0 0 _a595.76
100 1 _aPfeffer, Wendy
_d1929-
245 1 0 _aFirefly at Stonybrook Farm /
_cby Wendy Pfeffer ; illustrated by Larry Mikec
250 _aFirst Editon 2004
260 _aNorwalk, Conecticut :
_bSoundprints, ;
_c2004.
300 _a31 pages :
_bcolor illustrations ;
_c12 cm .
490 _aSmithsonian's Backyard
505 _aF
520 _aIn the backyard of the big white house on Stonybrook Farm, Firefly crawls out of the ground and flies into the night sky. He joins other fireflies in the busy backyard. Can he use his flashing light to attract a mate? And what will happen when a little girl tries to catch him?
521 _a350
_bLexiile estimate
521 _aF
_bRaz-Plus
650 0 _aFireflies
_vJuvenile fiction.
650 1 _aFireflies
_vFiction.
700 1 _aMikec, Larry
_eillustrator
906 _a7
_bcbc
_corignew
_d1
_eecip
_f20
_gy-gencatlg
942 _2ddc
_cBK
_n0
999 _c4018
_d4018